Online
Catalog

El hombre de sus sueños / (Record no. 56916)

MARC details
000 -CABECERA
campo de control de longitud fija 02139nam a2200265 i 4500
003 - IDENTIFICADOR DEL NÚMERO DE CONTROL
campo de control DO-SdBNP
005 - FECHA Y HORA DE LA ÚLTIMA TRANSACCIÓN
campo de control 20240621100409.0
007 - CAMPO FIJO DE DESCRIPCIÓN FÍSICA--INFORMACIÓN GENERAL
campo de control de longitud fija ta
008 - DATOS DE LONGITUD FIJA--INFORMACIÓN GENERAL
campo de control de longitud fija 240621s1993 sp 000 j spa d
020 ## - NÚMERO INTERNACIONAL ESTÁNDAR DEL LIBRO
Número Internacional Estándar del Libro 8472236633
040 ## - FUENTE DE LA CATALOGACIÓN
Centro catalogador/agencia de origen DO-SdBNP
Lengua de catalogación spa
Centro/agencia transcriptor BNPHU
Normas de descripción rda
082 ## - NÚMERO DE LA CLASIFICACIÓN DECIMAL DEWEY
Número de documento/Ítem B544
Número de edición 22
100 ## - ENTRADA PRINCIPAL--NOMBRE DE PERSONA
Nombre de persona Bertini, Dante
9 (RLIN) 11765
Término indicativo de función/relación autor
245 13 - MENCIÓN DE TÍTULO
Título El hombre de sus sueños /
Mención de responsabilidad, etc. Dante Bertini
264 #1 - PRODUCCIÓN, PUBLICACIÓN, DISTRIBUCIÓN, FABRICACIÓN Y COPYRIGHT
Producción, publicación, distribución, fabricación y copyright Barcelona, España :
Nombre del de productor, editor, distribuidor, fabricante TusQuets editores,
Fecha de producción, publicación, distribución, fabricación o copyright 1993.
300 ## - DESCRIPCIÓN FÍSICA
Extensión 165 páginas,
Dimensiones 20 cm.
336 ## - TIPO DE CONTENIDO
Fuente rdacontent
Término de tipo de contenido texto
Código de tipo de contenido txt
337 ## - TIPO DE MEDIO
Fuente rdamedia
Nombre/término del tipo de medio sin mediación
Código del tipo de medio n
338 ## - TIPO DE SOPORTE
Fuente rdacarrier
Nombre/término del tipo de soporte volumen
Código del tipo de soporte nc
490 1# - MENCIÓN DE SERIE
Mención de serie La sonrisa vertical
-- Erótica
Designación de volumen o secuencia 84
520 ## - SUMARIO, ETC.
Sumario, etc. El hombre de sus sueños de Dante Bertini salió ganadora del XV Premio La sonrisa vertical de entre 129 manuscritos y en una de las convocatorias con más alto nivel literario. Con un lenguaje de gran intensidad poética, Dante Bertini nos cuenta la historia de una mujer que se encamina al encuentro de sí misma. Liberada ya de presiones familiares, tutelas, servidumbres económicas y, aparentemente, también de comprometedores lazos amorosos, siente que le falta no obstante dar un paso más radical hacia el conocimiento de su más recóndita identidad : el lento, lúcido, voluntario aprendizaje de los inconfesados, dolorosos placeres de la rendición sexual, más allá de todo límite considerado tolerable. Bertini consigue conducirnos hasta la sutiles, equívocas y siempre espinosas fronteras entre sexo e identidad, hasta ese punto en el que se confunden los géneros, y se nos revela la naturaleza andrógina del ser. La firme progresión de la tensión erótica que, de una manera casi obsesiva, va apoderándose de la vida de Ella con El, su vecino del piso de arriba, y la relación cada vez más perversa que irá estableciéndose entre los dos y la esposa de éste, no pueden sino llevar al lector hacia la culminación de una situación absolutamente ambigua, que tanto podrá ser castigo como placer, estigma como revelación, humillación como redención.
590 ## - NOTA LOCAL (RLIN)
Nota local Inventariado, 2024/ YL
910 ## - DATOS DE OPCIÓN DEL USUARIO (OCLC)
Datos de opción del usuario YLockward
942 ## - ELEMENTOS DE PUNTO DE ACCESO ADICIONAL (KOHA)
Fuente del sistema de clasificación o colocación Dewey Decimal Classification
Tipo de ítem Koha Libro
Holdings
Estado de retiro Estado de pérdida Fuente del sistema de clasificación o colocación Restricciones de uso No para préstamo Código de colección Localización permanente Ubicación/localización actual Ubicación en estantería Fecha de adquisición Fuente de adquisición Total de préstamos Signatura topográfica completa Código de barras Fecha visto por última vez Precio válido a partir de Tipo de ítem Koha
    Dewey Decimal Classification Préstamo en sala   General Biblioteca Nacional Pedro Henríquez Ureña Biblioteca Nacional Pedro Henríquez Ureña En catalogación 02.06.2008 Donación   B544 2024-3641 21.06.2024 21.06.2024 Libro

Powered by Koha